000 00766nam a2200241 c 4500
001 000027150
003 DO-SdBNP
005 20240725091137.0
007 ta
008 110330s1930 dr ac 000 | spa d
040 _aDO-SdBNP
_bspa
_cBNPHU
_erda
049 _aBNPD
082 _bG562d
_222
245 0 0 _aGloria a Duarte :
_bdocumentos relativos a la inauguración del monumento erijido en homenaje al fundador de la República.
264 _aSanto Domingo :
_bImprenta de J. R. Vda. García,
_c1930.
300 _a40 páginas :
_bilustraciones, retratos. ;
_c31 cm.
336 _2rdacontent
_atexto
_btxt
337 _2rdamedia
_asin mediación
_bn
338 _2rdacarrier
_avolumen
_bnc
590 _aInventariado, 2024/DG
910 _aDG
942 _2ddc
_cLF2
999 _c26642
_d26642